Statistics for Four Letter Oceanian Geography

Click here to take the quiz!

General Stats

  • This quiz has been taken 154 times
  • The average score is 14 of 22

Answer Stats

ClueAnswer% Correct
Hindi-speaking countryFiji
93%
U.S. Pacific island territoryGuam
92%
National animal of New ZealandKiwi
90%
Most populous Hawaiian islandOahu
89%
Word preceding Moresby and VilaPort
87%
National gemstone of AustraliaOpal
82%
There is a "Southern" of this European
range in South Island
Alps
76%
Word for a young KangarooJoey
73%
14% of the world's supply of this
metal comes from Australia
Zinc
70%
Capital of the aboveSuva
70%
New Zealand mountain also called AorakiCook
68%
Australian way of saying hiG'Day
63%
Samoa's capitalApia
61%
State dance of HawaiiHula
56%
What Taupo and Eyre areLake
48%
Less remote version of the OutbackBush
43%
Statues of Easter IslandMoai
42%
The Valley Isle of HawaiiMaui
35%
Country of 1,624 residents in
free association with New Zealand
Niue
34%
Name of the major Queensland "cape"York
29%
Australian slang for "afternoon"Arvo
29%
Staple crop of PolynesiaTaro
27%

Score Distribution

Percentile by Number Answered

Percent of People with Each Score

Your Score History

You have not taken this quiz